| 000 | 003300000a22001450004500 | ||
|---|---|---|---|
| 001 | 000085 | ||
| 003 | MACL | ||
| 040 | _aMACL | ||
| 090 |
_c85 _d85 |
||
| 245 |
_aFun With Plants _bScience Improvement Series |
||
| 260 |
_aVikas Publishing House, _c1998 |
||
| 350 | _a16 | ||
| 650 | _aTechnology Appllied Science | ||
| 942 |
_k632 _cBook |
||
| 999 |
_c49392 _d49392 |
||